Peranan cendekiawan Muslim : mencari masa depan kemanusiaan

Bibliographic Details
Main Author: Shariati, Ali , 1933-1977 (Author)
Format: Book
Published: Yogyakarta : Shalahuddin Press , 1985
Subjects:

MARC

LEADER 00000cam a2200000 7i4500
001 0000006329
005 20100922093000.0
008 021119s1985
090 0 0 |a BP88.S52   |b P42 
100 0 |a Shariati, Ali ,   |d 1933-1977 ,   |e author 
245 0 0 |a Peranan cendekiawan Muslim :   |b mencari masa depan kemanusiaan   |c Ali Shariati   |f dikumpulkan dan disunting oleh Ahmad Fanani dan Mustafa W Hasyim   |f penerjemah, team naskah Shalahuddin Press 
260 2 |a Yogyakarta :   |b Shalahuddin Press ,   |c 1985 
300 |a 204 ms. ;   |c 19 sm. 
650 0 |a Islamic sociology 
650 0 |a Muslims   |x Intellectual life 
999 |a 1000058112   |b Book   |c OPEN SHELF (30 DAYS)   |e Gong Badak Campus